000 00492nam a2200193Ia 4500
003 GCL
008 140319s9999 xx 000 0 eng d
040 _aGCL /
_cGCL
082 0 4 _a728.3
_bC M
100 1 _aCARIOU, JOEL
245 1 0 _aMAISONS D'ARCHITECTES /
_cCARIOU, JOEL
260 _a[S.N] :
_bEDITIONS ALTERNATIVES ،
_c1995
300 _a158 P
650 0 4 _aARCHITECTURE - HOUSE
650 0 4 _aARTS
650 0 4 _aARCHITECTURE
650 0 4 _aARCHITECTURE, MODERN
942 _2ddc
_cBK
999 _c15004
_d15004